I Wanna Be Your Slave - Måneskin - Lyrics - Statistics

General Stats
  • This quiz has been taken 1,007 times
  • The average score is 21 of 28
Answer Stats
Answer % Correct
I wanna be your {slave}
100%
And I could be the {monster}
98%
I wanna be a good {boy}
97%
I wanna be your {master}
97%
{Run} like rollercoasters
91%
So fucking {electric}
91%
I wanna {touch} your body
90%
I wanna be a {gangster}
89%
I'm {crying} all my tears
87%
I wanna {paint} your face
85%
Who's searching for {redemption}
82%
I {wanna} make you love me
81%
Not just for {aesthetic}
81%
Then I wanna {feed} ya
78%
I wanna make you {hungry}
77%
I'm a {motherfucking} monster
75%
'Cause baby I'm your {David}
72%
I'll even be a {clown}
67%
You said that I'm too {eccentric}
67%
And I'm a {killer}
65%
And you're my {Goliath}
65%
I wanna be your {sin}
65%
I wanna be your {sex toy}
63%
I wanna be a {champion}
61%
I wanna be a {loser}
61%
And I'm a {blonde} girl
58%
And I'm a {bad guy}
48%
I'm a {freak} that
46%
No matching quizzes found
Score Distribution
Percent of People with Each Score
Percentile by Number Answered
Your Score History
You have not taken this quiz